| 000 | 00484nam a22001937a 4500 | ||
|---|---|---|---|
| 003 | MPLRDC | ||
| 005 | 20220105061103.0 | ||
| 008 | 210129b ||||| |||| 00| 0 eng d | ||
| 020 | _a978-962-14-6169-8 | ||
| 082 | _a293.25 SMF-7 | ||
| 100 | _a苏民峰 | ||
| 245 |
_a苏民峰2017鸡年运程 _c |
||
| 250 | _a初版一刷 | ||
| 260 |
_a香港 _b圆方出版社 _c2016 |
||
| 300 | _b平 | ||
| 520 | _a上架 2017-01-16 | ||
| 650 | _a相书--生肖 | ||
| 942 |
_cBK _o293.25 SMF-7 |
||
| 999 |
_c68590 _d68580 |
||